Vista normal Vista MARC
  • Ries, Al

Entrada Personal Name

Número de registros utilizados en: 1

001 - CONTROL NUMBER

  • control field: 15719

003 - CONTROL NUMBER IDENTIFIER

  • control field: OSt

005 - DATE AND TIME OF LATEST TRANSACTION

  • control field: 20160823144441.0

008 - FIXED-LENGTH DATA ELEMENTS

  • fixed length control field: 160823|| aca||aabn | a|a d

040 ## - CATALOGING SOURCE

  • Original cataloging agency: OSt
  • Transcribing agency: OSt

100 ## - HEADING--PERSONAL NAME

  • Personal name: Ries, Al

670 ## - SOURCE DATA FOUND

  • Source citation: Work cat.: (OSt)1980: Ries, Al, Las 11 leyes inmutables de la creación de marcas en internet , 2006